| 000 | 00000nam##2200000za#4500 |
| 001 | 9.577512 |
| 003 | CaOODSP |
| 005 | 20250806094355 |
| 007 | cr ||||||||||| |
| 008 | 150406|2011||||xxc|||||o f|0| 0 eng|d |
| 040 | |aCaOODSP|beng |
| 043 | |an-cn--- |
| 086 | 1 |aCS82-625/2011001-1E-PDF |
| 245 | 00|aAdult obesity prevalence in Canada and the United States |h[electronic resource] |
| 260 | |aOttawa - Ontario : |bStatistics Canada |cApril 2011. |
| 300 | |a4p.|bgraph |
| 490 | 1 |aHealth fact sheets |
| 590 | |a13-22-Supp|b2013-09-26 |
| 710 | 2 |aStatistics Canada. |
| 775 | 08|tPrévalence de l'obésité chez les adultes au Canada et aux États-Unis |w(CaOODSP)9.606116 |
| 830 | #0|aHealth fact sheets (Statistics Canada)|w(CaOODSP)9.507525 |
| 856 | 40|ahttp://publications.gc.ca|qPDF|s196 KB|uhttps://publications.gc.ca/collections/collection_2013/statcan/82-625-x/82-625-2011001-1-eng.pdf |